La ideología liberal / (Record no. 150255)

MARC details
000 -LEADER
campo de control de longitud fija 00751nam a2200205 i 4500
001 - NÚMERO DE CONTROL
campo de control 150255
003 - IDENTIFICADOR DE NÚMERO DE CONTROL
campo de control ES-MaACL
005 - FECHA Y HORA DE LA ÚLTIMA TRANSACCIÓN
campo de control 20250811051508.0
008 - DATOS DE LONGITUD FIJA--INFORMACIÓN GENERAL
campo de control de longitud fija 071029m19721973sp |||| | spa d
100 1# - ENTRADA PRINCIPAL--NOMBRE DE PERSONA
Nombre de persona Vachet, André.
9 (RLIN) 112378
245 13 - MENCIÓN DEL TÍTULO
Título La ideología liberal /
Mención de responsabilidad, etc. André Vachet ; [traductores Pablo Fernández Albadalejo, Valentina Fernández Vargas, Manuel Pérez Ledesma].
260 ## - PUBLICACIÓN, DISTRIBUCIÓN, ETC.
Lugar de publicación, distribución, etc. [Madrid] :
Nombre del editor, distribuidor, etc. Fundamentos,
Fecha de publicación, distribución, etc. [1972-1973]
300 ## - DESCRIPCIÓN FÍSICA
Extensión 2 v. ;
Dimensiones 19 cm.
650 07 - PUNTO DE ACCESO ADICIONAL DE MATERIA--TÉRMINO DE MATERIA
Término de materia o nombre geográfico como elemento de entrada Liberalismo
Fuente del encabezamiento o término embne
9 (RLIN) 14386
700 1# - ENTRADA AGREGADA--NOMBRE PERSONAL
Nombre de persona Fernández Albaladejo, Pablo,
Fechas asociadas al nombre 1946-
9 (RLIN) 49444
700 1# - ENTRADA AGREGADA--NOMBRE PERSONAL
Nombre de persona Fernández Vargas, Valentina.
9 (RLIN) 50147
700 1# - ENTRADA AGREGADA--NOMBRE PERSONAL
Nombre de persona Pérez Ledesma, Manuel,
Fechas asociadas al nombre 1944-2018
9 (RLIN) 90962
852 ## - LOCALIZACIÓN
Ubicación ES-MaACL
Número de control de estantería C-54285-86
Holdings
Estatus retirado Estado de pérdida Estado de daño No para préstamo Biblioteca de origen Biblioteca actual Ubicación en estantería Fecha de adquisición Fuente de adquisición Total de préstamos Signatura topográfica completa Código de barras Visto por última vez Precio de reemplazo Tipo de ítem Koha
        Biblioteca del Ateneo de Madrid Biblioteca del Ateneo de Madrid Depósito 2 17/01/2008     C-54285-86 1156788 23/02/2023 23/02/2023 Libro impreso